| 000 | 00860nam a2200253 a 4500 | ||
|---|---|---|---|
| 001 | 33966 | ||
| 003 | BD-RjUL | ||
| 005 | 20211209052103.0 | ||
| 008 | 140512s1956 enk b 001 0 eng d | ||
| 035 |
_a56-02864 _a(BD-RjUL) 34058 |
||
| 040 |
_aDLC _cWSU _dSER _dBD-RjUL _beng |
||
| 041 | _aeng | ||
| 082 |
_a306 _bMAE 1956 |
||
| 100 | 1 |
_aMannheim, Karl _d1893-1947. _9141 |
|
| 245 | 1 | 0 |
_aEssays on the sociology of culture / _cEdited by Ernest Manheim in cooperation with Paul Kecskemeti |
| 260 |
_aLondon : _bRoutledge & Kegan Paul, _c1956. |
||
| 300 |
_aix, 253 p. ; _c23 cm |
||
| 504 | _aIncludes Bibliographical footnotes and index. | ||
| 650 | 0 |
_aCulture _9103234 |
|
| 700 |
_aErnest Manheim _9103235 |
||
| 830 | 0 |
_aInternational library of sociology and social reconstruction (Routledge & Kegan Paul) _9103239 |
|
| 942 |
_2ddc _cBK |
||
| 999 |
_c33966 _d33966 |
||